| 000 | 01013nam a2200289 i 4500 | ||
|---|---|---|---|
| 001 | bg | ||
| 100 | 1 | _aKLAMECKA-ROSZKOWSKA, Grażyna | |
| 245 | 1 | 0 |
_aAktywność innowacyjna województwa podlaskiego : _braport z badań. / _cGrażyna Klamecka-Roszkowska, Ewa Piekarska, Maciej Muczyński _n2. |
| 260 |
_aBiałystok : _bWydawnictwo Wyższej Szkoły Ekonomicznej, _c2007. |
||
| 300 |
_a236 s. : _bwykr. ; _c24 cm + _eCD ROM : Baza danych o stanie innowacyjności Podlasia. |
||
| 504 | _aBibliogr. s. 166. | ||
| 650 | 9 |
_aInnowacje _zPolska _yod 2001 r. |
|
| 651 | 9 |
_aBiałystok (woj. podlaskie ; okręg) _xnauka _yod 2001 r. |
|
| 655 | _aDane statystyczne | ||
| 700 | 1 | _aPiekarska, Ewa | |
| 700 | 1 | _aMuczyński, Maciej | |
| 015 | _aPB 20437/2006 | ||
| 020 | _a8387981389 | ||
| 020 | _a9788387981389 | ||
| 040 | _cBPK | ||
| 041 | 0 | _apol | |
| 080 | _a001.895(438)"2001/..."(083.41) | ||
| 920 | _a83-87981-38-9 | ||
| 920 | _a978-83-87981-38-9 | ||
| 942 | _cKS | ||
| 008 | s pl f |000 0 pol | ||
| 999 |
_c53697 _d53697 |
||
| 856 |
_uhttp://koha.tu.koszalin.pl/cgi-bin/koha/opac-detail.pl?biblionumber=53697 _yKatalog online BPK |
||